000 00363nam a2200109Ia 4500
008 160531s9999 xx 000 0 und d
100 _aRosenbaum, Sara.
245 _aSpeech and Language Disorders in Children
245 _cby Sara Rosenbaum, Patti Simon (eds)
260 _c2016
856 _uhttp://www.ncbi.nlm.nih.gov/books/NBK356274/pdf/Bookshelf_NBK356274.pdf
999 _c295304
_d295304